000 00374nam a2200145Ia 4500
008 151213s9999 xx 000 0 und d
100 _aDon Dallas
245 _aSpeak English
_cDon Dallas
260 _aNew Delhi
_bOrient Longman , pvt.
_c2003
300 _a3609 p.
650 _aEnglish Literature
650 _aEnglish Literature
700 _aDon Dallas
999 _c2406
_d2406